000 01068nam a22003257a 4500
003 CHAP
005 20220329133320.0
008 971013s1989 r 00010 d
010 _a4795
011 _a5767
035 _a4983
040 _cCHAP
090 _aFolleto 13217
100 0 0 _aDavis, Donald R.
_931257
245 _aGeneric revision of the Opostegidae with a synoptic catalog of the world's species (Lepidoptera: Nepticuloidea)
260 _aWashington :
_bSmithsonian Institution,
_c1989
300 _a97 p.
_b: ilus
490 _aSmithsonian contributions to zoology
_v; 478
500 _a54-178
590 _aBATCH-UPD
_b10
_c20130110
_lUCH01
_h1629
590 _aBATCH-UPD
_b10
_c20130410
_lUCH01
_h1022
590 _aBATCH-UPD
_b10
_c20130914
_lUCH01
_h1722
590 _aCONVERSION
_b10
_c20130109
_lUCH01
_h1304
650 1 4 _aLepidópteros.
_966252
650 1 4 _aOpostegidae.
_983374
830 0 _aSmithsonian contributions to zoology
_v; 478
_9107173
901 _aBK
942 _cFOLL
949 _aFolleto 13217
_bBC
_cFOLL
_d-14549
_eTS1
_i4983
_mD
_si
999 _c4795
_d4795